Maďarsko: čakanie na hospodárske oživenie.
Hospodárska politika maďarskej vlády. Hrubý domáci produkt, priemyselná výroba a vývoj poľnohospodárstva. Investičná výstavba, maloobchodný obrat, zahraničný obchod a cudzinecký ruch. Vývoj zamestnanosti v r. 1992 a výsledky štátneho rozpočtu.
Salvato in:
| Autore principale: | |
|---|---|
| Natura: | Capitolo di libro |
| Lingua: | slovacco |
| Soggetti: | |
| Tags: |
Nessun Tag, puoi essere il primo ad aggiungerne!!
|
MARC
| LEADER | 00000naa a2200000 4500 | ||
|---|---|---|---|
| 001 | r013042 | ||
| 005 | 20221129133833.9 | ||
| 041 | 0 | |a slo | |
| 044 | |a CZ | ||
| 245 | 1 | 0 | |a Maďarsko: čakanie na hospodárske oživenie. |c K. Ujházy |
| 520 | |a Hospodárska politika maďarskej vlády. Hrubý domáci produkt, priemyselná výroba a vývoj poľnohospodárstva. Investičná výstavba, maloobchodný obrat, zahraničný obchod a cudzinecký ruch. Vývoj zamestnanosti v r. 1992 a výsledky štátneho rozpočtu. | ||
| 610 | 2 | 0 | |a politika hospodárska |
| 610 | 2 | 0 | |a MR |
| 610 | 2 | 0 | |a rozvoj hospodársky |
| 610 | 2 | 0 | |a produkt domáci hrubý |
| 610 | 2 | 0 | |a výroba priemyselná |
| 610 | 2 | 0 | |a rozpočet štátny |
| 610 | 2 | 0 | |a poľnohospodárstvo |
| 610 | 2 | 0 | |a výstavba investičná |
| 610 | 2 | 0 | |a obrat maloobchodný |
| 610 | 2 | 0 | |a obchod zahraničný |
| 610 | 2 | 0 | |a ruch cestovný zahraničný |
| 610 | 2 | 0 | |a zamestnanosť |
| 100 | 1 | |a Ujházy, K. | |